000 00997nac a22002897a 4500
001 BR8202541
003 BR-BrBNA
005 20240105115313.0
008 230509b bl.|||m| |||| 00| 0 por d
040 _aBR-BrBNA
_bpor
_cBiblioteca Nacional de Agricultura
072 _aH10
090 _a1850 BR8202541
100 1 _aCosta, M.S.
100 1 _aPoltronieri, L.S.
110 1 _aUnidade de Execucao de Pesquisa de Ambito Estadual de Altamira, PA (Brasil)
_910343
245 1 _aInsetos daninhos a cultura do tomateiro (Lycopersicom esculentum, Mill)na Transamazonica-Para [Brasil]
260 3 _aAltamira, PA (Brasil):
_c1982.
300 _a7 p.
490 _aComunicado Tecnico - Unidade de Execucao de Pesquisa de Ambito Estadual de Altamira (Brazil)
_vno. 1
_xISSN 0101-3572
650 _aTOMATE
650 _aINSETO
650 _aDISTRIBUICAO GEOGRAFICA
650 _aTRANSAMAZONICA
650 _aPARA
909 _a202312
_bLúcia Elande
_c55
_dLúcia Elande
942 _2AGRIS
_n0
_cMS
999 _c274174
_d274174